| 000 | 00000nam 2200000za 4500 |
| 001 | 9.840972 |
| 003 | CaOODSP |
| 005 | 20221107151957 |
| 007 | cr ||||||||||| |
| 008 | 170803s1974 oncad ob f000 0 eng d |
| 040 | |aCaOODSP|beng |
| 041 | |aeng|bscr |
| 043 | |an-cn--- |
| 086 | 1 |aM38-8/130E-PDF|zM38-8/130 |
| 100 | 1 |aSavich, Miron. |
| 245 | 10|aDevelopment of an anechoic chamber |h[electronic resource] / |cMiron Savich, Mining Research Centre. |
| 260 | |aOttawa : |bInformation Canada, |c1974. |
| 300 | |ap. [65]-81 : |bcharts, ill. |
| 490 | 1 |aReprint series ; |vRS 130 |
| 500 | |aCover title. |
| 500 | |a"Reprinted from Rudarsko-metalurški Zbornik, Ljubliana-Jugoslavia, year 1973, nos. 1-2, pp. 65-81, (Mining and Metallurgy Bulletin)." |
| 500 | |aHistorical publication digitized from print 2017 [by Natural Resources Canada]. |
| 504 | |aIncludes bibliographical references. |
| 520 | 3 |a“In the Institute of Mineral Industry Research at St. Hilaire, an anechoic chamber was constructed for the measurement of noise from light and medium hammer drills. The principle features of the chamber are its simplicity and cheapness. The general dimensions of the chamber are outside, 9 X 6 X 6 ft, and inside, 6 X 3 X 3 ft. It is lined with dihedral-shaped wedges manufactured from Eccodamp MG foam (density 35 kg/km2). The chamber is continuously ventilated and supported on rubber pads. It provides natural frequency under load of less than 7 Hz. The insulation against noise in the vicinity of the building is good according to our measurements. Brüel and Kjaer (B and K) equipment was used for all tests. Mention is also made of the microphone orientation system, the measurement cable installation, and the electrical installation. Finally, some measurements on the completed chamber, with regard to their free-field performances, are described. Calibration predicts cut-off frequency at 400 Hz. These measurements show that the chamber can be used for good measurements above 400 Hz and under extreme outside conditions"--Abstract, p. [65]. |
| 546 | |aIncludes abstract in Croatian. |
| 692 | 07|2gccst|aMining industry |
| 692 | 07|2gccst|aMeasurement |
| 710 | 1 |aCanada. |bNatural Resources Canada. |
| 710 | 1 |aCanada. |bDepartment of Energy, Mines and Resources. |
| 710 | 1 |aCanada. |bMines Branch. |
| 830 | #0|aReprint series - Dept. of Energy, Mines and Resources, Mines Branch ;|vRS 130|w(CaOODSP)9.834843 |
| 856 | 40|qPDF|s5.32 MB|uhttps://publications.gc.ca/collections/collection_2017/rncan-nrcan/M38-8/M38-8-130-eng.pdf |
| 986 | |a300209 |